Statistics for Parishes of Saint Kitts and Nevis with a Map

Click here to take the quiz!

General Stats

  • This quiz has been taken 220 times
  • The average score is 10 of 14

Answers on the Map

Answers color-coded by a green-red scale on the quiz's map according to % correct below.
 

Answer Stats

Parish% Correct
Saint George Basseterre
91%
Saint Peter Basseterre
86%
Saint Paul Charlestown
72%
Christ Church Nichola Town
70%
Saint George Gingerland
67%
Saint John Capisterre
67%
Saint Anne Sandy Point
66%
Saint John Figtree
66%
Saint James Windward
64%
Saint Paul Capisterre
64%
Trinity Palmetto Point
64%
Saint Thomas Lowland
63%
Saint Mary Cayon
59%
Saint Thomas Middle Island
59%

Score Distribution

Percentile by Number Answered

Percent of People with Each Score

Your Score History

You have not taken this quiz